Human Anatomy Quiz - Statistics

General Stats
  • This quiz has been taken 1,337 times
  • The average score is 7 of 15
Answer Stats
Hint Answer % Correct
Strongest bone Femur
82%
Largest organ Skin
81%
Most important organ Brain
80%
Largest artery Aorta
76%
Unimportant organ Appendix
69%
Cancerous cells-opposite of benign Malignant
51%
Largest vein Superior vena cava
44%
37.2 trillion of these on average all the time cells
41%
Largest muscle Gluteus maximus
39%
How many vertebrae do we have? 33
33%
A vain brings or takes blood to the heart brings
27%
Smallest bone the stapes
26%
Strongest muscle Masseter
12%
Average heart beat per minute 60-100
10%
Thickest and strongest and largest tendon Achilles tendon
10%
No matching quizzes found
Score Distribution
Percent of People with Each Score
Percentile by Number Answered
Your Score History
You have not taken this quiz